Nahualtzin : relato imaginario de un pelado cualquiera /
Guardado en:
| Autor principal: | |
|---|---|
| Otros autores: | |
| Formato: | Libro |
| Idioma: | Español |
| Publicado: |
Guadalajara, México :
Universidad de Guadalajara,
fecha no identificada
|
| Temas: | |
| Etiquetas: |
Sin etiquetas, Sé el primero en etiquetar este registro!
|
MARC
| LEADER | 00000nam^a2200000^a^4500 | ||
|---|---|---|---|
| 001 | 000407427 | ||
| 005 | 20250521000000.0 | ||
| 009 | 20260310121927.506 | ||
| 037 | |a Acervo ITESO - Biblioteca | ||
| 041 | |a ESP | ||
| 082 | |a 863. |b PEÑ | ||
| 100 | |a Peña, Manuel de la |e (autor) | ||
| 245 | 1 | 0 | |a Nahualtzin : |b relato imaginario de un pelado cualquiera / |c M. de la Peña ; pról. de J.G. Zuno Hernández. |
| 264 | 1 | |a Guadalajara, México : |b Universidad de Guadalajara, |c fecha no identificada | |
| 300 | |a 267 p. | ||
| 336 | |a texto |b txt |2 rdacontenido | ||
| 337 | |a sin mediación |b n |2 rdamedio | ||
| 338 | |a volumen |b nc |2 rdasoporte | ||
| 561 | |a Ex libris de Ignacio Díaz Morales | ||
| 649 | |a XX | ||
| 650 | |a Novela Mexicana | ||
| 650 | |a Literatura Mexicana - |y Siglo XX | ||
| 650 | |a Nahuas en la Literatura | ||
| 700 | |a Zuno Hernández, José Guadalupe |e (prólogo) | ||
| 910 | |a Fondo Ignacio Díaz Morales | ||
| 920 | |a Impresos - Libros | ||
| 930 | |a Arquitectos Jaliscienses | ||
| 940 | |a Literatura | ||
| 905 | |a 114 | ||
| 901 | |a 0500312433 |b IT1 |c JAL |i D70223 |u 20250521 | ||
| 902 | |a https://opac.biblio.iteso.mx/vufind/Record/000407427 | ||